000 01352nam a2200337 a 4500
001 ebr10333815
003 CaPaEBR
006 m u
007 cr cn|||||||||
008 091128s2008 cm a s 000 0 eng d
020 _z9789956558155
020 _z9789956615735
020 _z995655815X
040 _aCaPaEBR
_cCaPaEBR
035 _a(OCoLC)636131964
041 0 _aeng
_afre
043 _af-cm---
050 1 4 _aLB3058.C17
_bC36 2008eb
245 0 4 _aThe Cameroon GCE crisis
_h[electronic resource] :
_ba test of anglophone solidarity /
_ceditors, Francis B. Nyamnjoh & Richard Fonteh Akum.
260 _aMankon, Bamenda :
_bLangaa Research & Pub. CIG,
_cc2008.
300 _axi, 363 p. :
_bill.
533 _aElectronic reproduction.
_bPalo Alto, Calif. :
_cebrary,
_d2010.
_nAvailable via World Wide Web.
_nAccess may be limited to ebrary affiliated libraries.
546 _aIn English and French.
650 0 _aGeneral certificate of education examination (Great Britain)
650 0 _aEducational tests and measurements
_zCameroon
_xHistory.
655 7 _aElectronic books.
_2local
700 1 _aNyamnjoh, Francis B.,
_d1961-
700 1 _aAkum, Richard Fonteh.
710 2 _aebrary, Inc.
856 4 0 _uhttp://site.ebrary.com/lib/rucke/Doc?id=10333815
_zAn electronic book accessible through the World Wide Web; click to view
999 _c50241
_d50241